<?xml version="1.0" encoding="UTF-8"?>
<marc:record xmlns:marc="http://www.loc.gov/MARC21/slim">
   <marc:leader>00000nam a2200000 a 4500</marc:leader>
   <marc:datafield ind1=" " ind2=" " tag="653">
      <marc:subfield code="a">Bildband</marc:subfield>
   </marc:datafield>
   <marc:datafield ind1=" " ind2=" " tag="653">
      <marc:subfield code="a">Toskana</marc:subfield>
   </marc:datafield>
   <marc:datafield ind1=" " ind2=" " tag="653">
      <marc:subfield code="a">Umbrien</marc:subfield>
   </marc:datafield>
   <marc:datafield ind1=" " ind2=" " tag="653">
      <marc:subfield code="a">Innenarchitektur</marc:subfield>
   </marc:datafield>
   <marc:datafield ind1=" " ind2=" " tag="653">
      <marc:subfield code="a">Landhaus</marc:subfield>
   </marc:datafield>
   <marc:datafield ind1="0" ind2="0" tag="245">
      <marc:subfield code="a">Echt italienisch</marc:subfield>
   </marc:datafield>
   <marc:datafield ind1="0" ind2="0" tag="245">
      <marc:subfield code="b">Landhäuser in der Toskana und in Umbrien</marc:subfield>
   </marc:datafield>
   <marc:datafield ind1=" " ind2="1" tag="264">
      <marc:subfield code="b">Gerstenberg</marc:subfield>
      <marc:subfield code="c">2011</marc:subfield>
   </marc:datafield>
   <marc:datafield ind1="1" ind2=" " tag="520">
      <marc:subfield code="a">Als Pendant zu ihrem Buch "Französischer Landhaustil" (s. in dieser Nr.) legt die Autorin hier einen Bildband zum italienischen, genauer gesagt toskanischen, Wohn- und Einrichtungsstil vor. Anders als in oben genanntem Titel werden hier jedoch Landhäuser vorgestellt, die wirklich so, wie sie hier porträtiert sind, existieren und entweder bewohnt oder als Feriendomizile vermietet werden. Die Fotos zeigen schöne Einrichtungsdetails in traumhaften Landgärten in idyllischster toskanischer Landschaft und wecken so die Sehnsucht nach Urlaub. Vorgestellt werden Güter unter den Überschriften "natürlicher Charme", "stilvolle Schlichtheit", "klassische Eleganz" und "idyllische Künstlerdomizile". Ein schönes Bilderbuch nicht nur für Toskana-Fans. (3) (LK/BM: Joos)</marc:subfield>
   </marc:datafield>
   <marc:datafield ind1=" " ind2=" " tag="020">
      <marc:subfield code="a">9783836926553</marc:subfield>
      <marc:subfield code="9">9783836926553</marc:subfield>
   </marc:datafield>
</marc:record>
